Регионална библиотека "Любен Каравелов" - Русе

Измерения на мениджмънта на образованието на възрастните (Запис номер 165043)

MARC детайли
000 -Лидер
Контролно поле с фиксирана дължина 01366nam a2200349 c 4500
003 - Код на организацията, давaща контролен номер
Контролно поле BLK
005 - Дата и час на последна редакция
Контролно поле 20180422114030.0
008 - Елементи от данни с фиксирана дължина
fixed length control field 180410b bul|||||r ||||||| ||bul||
010 ## - Наследен системен номер
LC control number KNG00172614000
020 ## - Международен стандартен номер на книга ISBN
Международен стандартен номер на книга ISBN 978-954-490-402-9
-- издат.: Екс-прес
040 ## - Източник на каталожния запис
Идентификатор на билиотеката - собственик на записа BLK
041 ## - Код за език
Код за езика на текст/звукозапис или на отделно заглавие Български
Код за езика КДБФ Български
072 #7 - Код за тематичната категория
Код организация bullib
Код за тематична категория Н37
Текст Образование. Педагогика Н
080 ## - УДК
Текстов определител УДК Извънучилищно образование на възрастни
УДК код - определител по УДК 374.7
УДК определител
УДК - код + определител 374.7
100 1# - Редна дума - Автор
Автор Гюрова, Вяра Тодорова
Авторска отговорност първи автор
R(LIN) 372364
139 ## - Редно поле
Редна дума Гюрова, Вяра Тодорова
Авторски знак Гю - Г 98
245 10 - Сведения за заглавието
Заглавие Измерения на мениджмънта на образованието на възрастните
Редно поле (дума) Вяра Тодорова Гюрова.
257 ## - Страна на издаване
Страна на създаване/издаване България
260 ## - Област на издателските данни
-- Габрово
Име на издателя, разпространителя и проч. Екс-прес
Година на издаване 2013
300 ## - Физическа характеристика
Страници 266 с.
Илюстрации и др. с ил.
Размери/Мащаб 30 см
380 ## - Жанр
Жанр Обществени науки
500 ## - Общи забележки
Забележка Библиогр.: с. 225-234
650 #4 - Допълнително описание по предмет – тема
Основно описание – тема или топоним Образование и просвета - управление и организация
9 (RLIN) 305746
653 ## - Ключова дума – ненормативна
Ключова дума образование
653 ## - Ключова дума – ненормативна
Ключова дума възрастни
659 ## - Тематичен бюлетин
Тематичен бюлетин Н
852 ## - Местоположение
Форматна сигнатура Цб ІІ 20402
856 4# - Електронен адрес и достъп
Електронен формат pdf - файл
Път до файла /url/
856 4# - Електронен адрес и достъп
Електронен формат pdf - файл
Път до файла /url/
942 ## - АРТИКУЛИ
Вид на библиотечния материал Книги
Скрит в OPAC Не
944 ## - СЪЗДАВАНЕ И РЕДАКЦИЯ на ЗАПИСА
Създаване/Редакция Създаване
Дата на регистрацията/редакция 09.03.2015
Служител, извършил регистрацията/редакцията Виолета_Тройчева
944 ## - СЪЗДАВАНЕ И РЕДАКЦИЯ на ЗАПИСА
Създаване/Редакция Редакция
Дата на регистрацията/редакция 14.07.2015
Служител, извършил регистрацията/редакцията Грета_Цуфелде
999 ## - СИСТЕМНИ КОНТРОЛНИ НОМЕРА
Koha biblionumber 165043
Koha biblioitemnumber 165043
Наличности
Код за отписване Код за изгубен артикул Код за повреда Коз за рестрикции Код за отдаване Артикулен № Име на библиотеката - собственик Име на библиотеката, в която се намира в момента Статус (Текущо местоположение) Дата на вписване в системата Местоположение - отдел Цена в лева Инвентарен номер Систематично азбучна сигнатура Баркод Номер на екземпляра Цена в евро Служебна бележка Служебен тип на артикула
  Не е изгубен Не е повреден без рестрикции ползва се в читалня 278157 Регионална библиотека "Любен Каравелов" Русе Регионална библиотека "Любен Каравелов" Русе Хранилище 2015-03-09 Хранилище 18.00 120000786236 Цб ІІ 20402 120000786236 1 9.20 Дост: Dp Вид: Д N: 30 Дата: 03.07.2014 Книги
Vip Innovations Ltd, Rousse, Bulgaria 2025